书目信息 |
| 题名: |
物业管理实务
|
|
| 作者: | 黄安心, , 宋建阳, 主编 | |
| 分册: | Ⅰ | |
| 出版信息: | 广州 广东高等教育出版社 2020.01 |
|
| 页数: | 262页 | |
| 开本: | 26cm | |
| 丛书名: | 国家开放大学开放教育物业管理专业系列教材 | |
| 单 册: | ||
| 中图分类: | F293.3 | |
| 科图分类: | ||
| 主题词: | 物业管理--wu ye guan li--教材 | |
| 电子资源: | ||
| ISBN: | 978-7-5361-6567-0 | |
| 000 | 01300nam 2200313 450 | |
| 001 | CAL 009948515 | |
| 005 | 20201012150702. | |
| 010 | @a978-7-5361-6567-0@dCNY46.00 | |
| 100 | @a20201008d2020 em y0chiy0120 ea | |
| 101 | 0 | @achi |
| 102 | @aCN@b440000 | |
| 105 | @aa a 000yy | |
| 106 | @ar | |
| 200 | 1 | @a物业管理实务@Awu ye guan li shi wu@hⅠ@d= Property management practice@hⅠ@f主编黄安心, 宋建阳@zeng |
| 205 | @a第4版 | |
| 210 | @a广州@c广东高等教育出版社@d2020.01 | |
| 215 | @a262页@c图@d26cm@e形成性考核册1册 (21页 ; 24cm) | |
| 225 | 2 | @a国家开放大学开放教育物业管理专业系列教材@Aguo jia kai fang da xue kai fang jiao yu wu ye guan li zhuan ye xi lie jiao cai |
| 320 | @a有书目 (第261-262页) | |
| 330 | @a本书共分十二章, 内容包括: 物业管理概述、物业服务企业、管理团体和管理规约、前期物业管理服务、物业综合管理服务等。 | |
| 333 | @a2007年度国家精品课程 (网络教育) 教材 首届全国广播电视大学省建优质课程教材 | |
| 410 | 0 | @12001 @a国家开放大学开放教育物业管理专业系列教材 |
| 510 | 1 | @aProperty management practice@hⅠ@zeng |
| 606 | 0 | @a物业管理@Awu ye guan li@j教材 |
| 690 | @aF293.3@v5 | |
| 701 | 0 | @a黄安心,@Ahuang an xin@f1962-@4主编 |
| 701 | 0 | @a宋建阳,@Asong jian yang@f1945.8-@4主编 |
| 801 | 0 | @aCN@b人天书店@c20201008 |
| 905 | @aTSG@b0001038@dF293.3@eH807:1@f2 | |
| 物业管理实务.Ⅰ= Property management practice.Ⅰ/主编黄安心, 宋建阳.-第4版.-广州:广东高等教育出版社,2020.01 |
| 262页:图;26cm+形成性考核册1册 (21页 ; 24cm).-(国家开放大学开放教育物业管理专业系列教材) |
| 使用对象:2007年度国家精品课程 (网络教育) 教材 首届全国广播电视大学省建优质课程教材 |
| ISBN 978-7-5361-6567-0:CNY46.00 |
| 本书共分十二章, 内容包括: 物业管理概述、物业服务企业、管理团体和管理规约、前期物业管理服务、物业综合管理服务等。 |
| ● |
| 相关链接 |
|
|
|
正题名:物业管理实务
索取号:F293.3/H807:1
 
预约/预借
| 序号 | 登录号 | 条形码 | 馆藏地/架位号 | 状态 | 备注 |
| 1 | 1536115 | 215361150 | 社科库409/409社科库 107排2列3层/ [索取号:F293.3/H807:1] | 在馆 | |
| 2 | 1536116 | 215361169 | 社科库409/409社科库 107排2列3层/ [索取号:F293.3/H807:1] | 在馆 |